=LDR 00000nam 2200000 4500 =001 INLIS000000000029547 =005 20130612131755 =008 ***********************************Ind** =035 ##$$0010-061300000029547 =041 ##$$a Ind =082 ##$$a 2x0.000 2 =090 ##$$a 2x0.000 2, Sya f =100 ##$$a Syaikhah, Fayiz Musa Abu =245 ##$$a Fatwa-fatwa syaikh Al Utsaimin, Fayiz Musa Abu Syaikhah =260 ##$$a Najla press6c2003 $b Jakarta =300 ##$$a 164 hlm, 21 cm =650 ##$$a Agama islam-Fatwa =850 ##$$a NBPNMAT